Fr. Conceicao Rodrigues College of Engineering

Internal combustion engines (Record no. 25207)

MARC details
000 -LEADER
fixed length control field 00336nam a2200169Ia 4500
082 ## - DEWEY DECIMAL CLASSIFICATION NUMBER
Classification number 621.4
Item number GAN
100 ## - MAIN ENTRY--PERSONAL NAME
Personal name Ganesan/V
250 ## - EDITION STATEMENT
Edition statement 4
245 ## - TITLE STATEMENT
Title Internal combustion engines
260 ## - PUBLICATION, DISTRIBUTION, ETC.
Name of publisher, distributor, etc. McGraw Hill
Date of publication, distribution, etc. 2012
366 ## - TRADE AVAILABILITY INFORMATION
Publishers's discount category 20
300 ## - PHYSICAL DESCRIPTION
Extent 730
546 ## - LANGUAGE NOTE
Language note ENGLISH
650 ## - SUBJECT ADDED ENTRY--TOPICAL TERM
Topical term or geographic name entry element engines
654 ## - SUBJECT ADDED ENTRY--FACETED TOPICAL TERMS
Focus term internal
942 ## - ADDED ENTRY ELEMENTS (KOHA)
Koha item type BOOK
Holdings
Withdrawn status Lost status Damaged status Not for loan Collection Home library Current library Date acquired Source of acquisition Cost, normal purchase price Inventory number Total Checkouts Full call number Barcode Date last seen Date last checked out Cost, replacement price Price effective from Koha item type
        CRC Fr. Agnel's C.Rodrigues College of Engineering Fr. Agnel's C.Rodrigues College of Engineering 17/03/2023 Allied Publishers 639.20 179 dt 06/08/2022 1 621.4 GAN 25915 05/08/2024 11/07/2024 799.00   BOOK
        CRC Fr. Agnel's C.Rodrigues College of Engineering Fr. Agnel's C.Rodrigues College of Engineering 17/03/2023 Allied Publishers 639.20 179 dt 06/08/2022   621.4 GAN 25916 17/03/2023   799.00   BOOK